[Event "57.C.to Provinciale RM ITA"]
[Site "Roma ITA"]
[Date "1997.10.25"]
[Round "4.25"]
[White "Pomponi, Claudio"]
[Black "Elia, Alessio"]
[Result "1/2-1/2"]
[WhiteElo "1200"]
[BlackElo "1600"]
[Annotator "Gabriele Ballarin"]
[PlyCount "128"]
[EventDate "1997.10.23"]
[EventType "swiss"]
[EventRounds "6"]
[EventCountry "ITA"]

1. f4 d5 2. Nf3 g6 3. e3 Bg7 4. d4 Bf5 5. Bd3 Bxd3 6. cxd3 Nf6 7. O-O O-O 8. Nc3 e6 9. Bd2 Nbd7 10. Rc1 c5 11. dxc5 Nxc5 12. Qe2 Rc8 13. d4 Nce4 14. Na4 Qd6 15. a3 Nxd2 16. Nxd2 Rc7 17. Rc3 Rfc8 18. Rfc1 Nd7 19. Qf1 Nb6 20. Nc5 Qd8 21. R1c2 Bf8 22. Qc1 Bxc5 23. Rxc5 Rxc5 24. Rxc5 Rxc5 25. dxc5 Qc7 26. b4 Nd7 27. Nb3 e5 28. g3 a6 29. a4 exf4 30. exf4 Qc6 31. Qe3 Qxa4 32. Qe8+ Kg7 33. f5 Qxb3 34. Qxd7 Qxb4 35. Qxd5 Qb1+ 36. Kg2 Qxf5 37. Qxb7 Qxc5 38. Qxa6 Qd5+ 39. Kf2 Qh1 40. h4 Qh2+ 41. Kf3 Qb2 42. Qd3 Qb7+ 43. Kf2 Qb6+ 44. Kf3 Qc6+ 45. Kf2 Qc5+ 46. Kf3 Qf5+ 47. Qxf5 gxf5 48. Ke3 Kf6 49. Kd4 f4 50. g4 h5 51. Ke4 hxg4 52. Kxf4 Kg6 53. Kxg4 f5+ 54. Kg3 Kh5 55. Kf4 Kxh4 56. Kf3 Kg5 57. Kg3 f4+ 58. Kf3 Kf5 59. Kf2 Kg4 60. Kg2 f3+ 61. Kf2 Kf4 62. Kf1 Kg3 63. Kg1 f2+ 64. Kf1 Kf3 1/2-1/2

[Event "57.C.to Provinciale RM ITA"]
[Site "Roma ITA"]
[Date "1997.10.25"]
[Round "4.26"]
[White "Fiore, Danilo"]
[Black "Tamburrini, Andrea"]
[Result "1-0"]
[WhiteElo "1600"]
[BlackElo "1200"]
[Annotator "Gabriele Ballarin"]
[PlyCount "51"]
[EventDate "1997.10.23"]
[EventType "swiss"]
[EventRounds "6"]
[EventCountry "ITA"]

1. e4 e5 2. Nf3 Nc6 3. d4 exd4 4. Bc4 Bb4+ 5. c3 dxc3 6. bxc3 Qf6 7. Bb2 Bc5 8. O-O d6 9. h3 Nge7 10. Bc1 O-O 11. Bg5 Qg6 12. Bd3 Ne5 13. Bxe7 Bxh3 14. Nh4 Qg4 15. Qxg4 Bxg4 16. Bc2 Rfe8 17. Bg5 h6 18. Bc1 Be2 19. Re1 Bd3 20. Bb3 Ng4 21. Be3 Rxe4 22. Nd2 Rae8 23. Nxe4 Rxe4 24. Bxc5 Rxe1+ 25. Rxe1 dxc5 26. Re7 1-0

[Event "57.C.to Provinciale RM ITA"]
[Site "Roma ITA"]
[Date "1997.10.25"]
[Round "4.27"]
[White "Trifoni, Giorgio"]
[Black "Tamburini, Massimiliano"]
[Result "0-1"]
[WhiteElo "1200"]
[BlackElo "1549"]
[Annotator "Gabriele Ballarin"]
[PlyCount "100"]
[EventDate "1997.10.23"]
[EventType "swiss"]
[EventRounds "6"]
[EventCountry "ITA"]

1. e4 d5 2. exd5 Nf6 3. c4 Bf5 4. Nc3 g6 5. b3 Bg7 6. Bb2 O-O 7. Nf3 Re8 8. Be2 e6 9. O-O exd5 10. Nxd5 Nxd5 11. Bxg7 Kxg7 12. cxd5 Qxd5 13. Bc4 Qa5 14. d4 Nc6 15. Re1 Bg4 16. h3 Bxf3 17. gxf3 Rxe1+ 18. Qxe1 Qxe1+ 19. Rxe1 Nxd4 20. Kg2 b5 21. Bd5 Rd8 22. Be4 Re8 23. Rd1 Rd8 24. Rd3 Ne6 25. Rc3 Nf4+ 26. Kh2 Ne6 27. a4 bxa4 28. bxa4 c5 29. Kg2 Rd4 30. Bc6 Kf6 31. Re3 a5 32. h4 Rd1 33. Kh2 Rc1 34. Ra3 c4 35. Ra2 c3 36. Be4 Nd4 37. Kg2 c2 38. Bxc2 Rxc2 39. Ra3 Rc4 40. Kg3 Nf5+ 41. Kh3 Rxh4+ 42. Kg2 Rb4 43. Kg1 h5 44. Kg2 g5 45. Kh3 g4+ 46. fxg4 hxg4+ 47. Kg2 Nh6 48. Kg3 Kg5 49. f3 f5 50. fxg4 Rxg4+ 0-1

[Event "57.C.to Provinciale RM ITA"]
[Site "Roma ITA"]
[Date "1997.10.25"]
[Round "4.28"]
[White "Calabrini, Alessandro"]
[Black "Vona, Francesco"]
[Result "0-1"]
[WhiteElo "1400"]
[BlackElo "1200"]
[Annotator "Gabriele Ballarin"]
[PlyCount "88"]
[EventDate "1997.10.23"]
[EventType "swiss"]
[EventRounds "6"]
[EventCountry "ITA"]

1. e4 c5 2. Nf3 d6 3. Bc4 Nf6 4. d3 e6 5. O-O a6 6. a4 Be7 7. Bg5 Nc6 8. c3 O-O 9. Ba2 b5 10. axb5 axb5 11. Na3 b4 12. Nc4 Bb7 13. h3 Qc7 14. Re1 h6 15. Be3 d5 16. exd5 Nxd5 17. Qd2 Bf6 18. d4 bxc3 19. bxc3 cxd4 20. Nxd4 Nxd4 21. cxd4 Nxe3 22. fxe3 Qg3 23. Qf2 Qxf2+ 24. Kxf2 Bd5 25. Nb6 Rxa2+ 26. Rxa2 Bxa2 27. Ra1 Bd5 28. Nd7 Rd8 29. Nxf6+ gxf6 30. g4 Kg7 31. Kg3 Rc8 32. h4 Rc3 33. Kf4 Rc2 34. Ra5 Rf2+ 35. Kg3 Rf3+ 36. Kh2 Rxe3 37. Ra4 Re4 38. Kg3 e5 39. Ra5 Rxd4 40. h5 Be6 41. Ra3 Rxg4+ 42. Kf3 Rg5 43. Ke4 Bf5+ 44. Kd5 Rxh5 0-1

[Event "57.C.to Provinciale RM ITA"]
[Site "Roma ITA"]
[Date "1997.10.25"]
[Round "4.29"]
[White "Zarfati, Daniele"]
[Black "Patarca, Piero"]
[Result "1-0"]
[WhiteElo "1400"]
[BlackElo "1200"]
[Annotator "Gabriele Ballarin"]
[PlyCount "111"]
[EventDate "1997.10.23"]
[EventType "swiss"]
[EventRounds "6"]
[EventCountry "ITA"]

1. d4 Nf6 2. c4 c5 3. d5 d6 4. Nc3 g6 5. Bf4 Bg7 6. e3 O-O 7. Bd3 e6 8. dxe6 Bxe6 9. Be2 d5 10. Qb3 Qb6 11. Rd1 Qxb3 12. axb3 Rd8 13. Nf3 Nc6 14. O-O a6 15. Rd2 Na5 16. Bc7 Nxb3 17. Bxd8 Nxd2 18. Bxf6 Nxf1 19. Bxg7 Kxg7 20. cxd5 Bd7 21. Kxf1 b5 22. Ne5 Ra7 23. Ne4 c4 24. Nc5 Bf5 25. e4 Bc8 26. d6 a5 27. d7 Bxd7 28. Nexd7 a4 29. Ne5 c3 30. bxc3 a3 31. Nb3 a2 32. Bxb5 a1=Q+ 33. Nxa1 Rxa1+ 34. Ke2 Ra2+ 35. Ke3 Rc2 36. c4 f6 37. Nd3 f5 38. exf5 gxf5 39. c5 f4+ 40. Kxf4 Kf6 41. Ke4 Ke7 42. Kd5 Kd8 43. Bc4 Kc7 44. g4 h6 45. h4 Re2 46. g5 hxg5 47. hxg5 Re7 48. f4 Kd8 49. f5 Re3 50. g6 Rg3 51. Ke6 Ke8 52. Kf6 Kf8 53. c6 Rg4 54. Ne5 Rd4 55. c7 Rd6+ 56. Kg5 1-0

[Event "57.C.to Provinciale RM ITA"]
[Site "Roma ITA"]
[Date "1997.10.25"]
[Round "4.30"]
[White "Procaccini, Luciano"]
[Black "Quattrone, Luca"]
[Result "0-1"]
[WhiteElo "1400"]
[BlackElo "1200"]
[Annotator "Gabriele Ballarin"]
[PlyCount "62"]
[EventDate "1997.10.23"]
[EventType "swiss"]
[EventRounds "6"]
[EventCountry "ITA"]

1. Nf3 d6 2. g3 g6 3. Bg2 Bg7 4. O-O Nf6 5. d4 O-O 6. c4 Bg4 7. Nc3 Re8 8. Bf4 Nbd7 9. Qd2 e5 10. dxe5 dxe5 11. Bh6 e4 12. Nh4 Nc5 13. Qe3 Qe7 14. Bxg7 Kxg7 15. h3 Bd7 16. Rad1 Rad8 17. Rd2 Bc6 18. Rfd1 Rxd2 19. Rxd2 Rd8 20. Rxd8 Qxd8 21. Qxc5 Qd2 22. Qb4 Qe1+ 23. Bf1 e3 24. Nf3 Qxf2+ 25. Kh1 Qxf1+ 26. Kh2 Qf2+ 27. Kh1 Ne4 28. Nxe4 Bxe4 29. Qc3+ f6 30. Qc1 Qxe2 31. Qg1 Bxf3+ 0-1

[Event "57.C.to Provinciale RM ITA"]
[Site "Roma ITA"]
[Date "1997.10.25"]
[Round "4.33"]
[White "Sargenti, Marco"]
[Black "Placchetta, Omero"]
[Result "1-0"]
[WhiteElo "1200"]
[BlackElo "1477"]
[Annotator "Gabriele Ballarin"]
[PlyCount "126"]
[EventDate "1997.10.23"]
[EventType "swiss"]
[EventRounds "6"]
[EventCountry "ITA"]

1. e4 e5 2. Nf3 Nc6 3. Bc4 Nf6 4. d3 Bc5 5. Nc3 O-O 6. Bg5 Bb4 7. O-O Bxc3 8. Bxf6 Qxf6 9. bxc3 d6 10. d4 Bg4 11. d5 Na5 12. Be2 Bxf3 13. Bxf3 c5 14. dxc6 bxc6 15. Rb1 Rab8 16. Qd2 Nc4 17. Qd3 Nb6 18. Rfd1 Rfd8 19. Qa6 Qe7 20. c4 Qc7 21. a4 Nd7 22. c5 Nxc5 23. Qc4 Rxb1 24. Rxb1 Rb8 25. Rxb8+ Qxb8 26. h3 Qc7 27. h4 Ne6 28. Bg4 Qd7 29. Qb4 g6 30. a5 h5 31. Bxe6 fxe6 32. Qb8+ Kf7 33. a6 c5 34. Qb7 Qe7 35. f3 Kf6 36. g4 Qf7 37. Kf2 hxg4 38. fxg4 d5 39. Ke3 c4 40. Kd2 d4 41. Ke2 c3 42. Kd3 Qe7 43. h5 gxh5 44. gxh5 Qg7 45. Kc4 Qg2 46. h6 Qe2+ 47. Kb3 Kg5 48. h7 d3 49. h8=Q Qxc2+ 50. Kc4 Qa4+ 51. Qb4 Qa2+ 52. Kb5 c2 53. Qxe5+ Kg4 54. Qg7+ Kf3 55. Qf6+ Ke2 56. Qf3+ Kxf3 57. Qf8+ Kxe4 58. Qb4+ Ke3 59. Qc5+ Kd2 60. Qf2+ Kc1 61. Qe1+ Kb2 62. Qb4+ Ka1 63. Qe1+ Qb1+ 1-0

[Event "57.C.to Provinciale RM ITA"]
[Site "Roma ITA"]
[Date "1997.10.26"]
[Round "5.12"]
[White "Pierangeli, Andrea"]
[Black "Bonaposta, Fabrizio"]
[Result "1-0"]
[WhiteElo "1783"]
[BlackElo "1200"]
[Annotator "Gabriele Ballarin"]
[PlyCount "71"]
[EventDate "1997.10.23"]
[EventType "swiss"]
[EventRounds "6"]
[EventCountry "ITA"]

1. e4 c5 2. Nf3 Nc6 3. d4 cxd4 4. Nxd4 g6 5. c3 Nf6 6. Bd3 Bg7 7. Nf3 d6 8. h3 O-O 9. Be3 Nd7 10. Nbd2 Nde5 11. Be2 Bd7 12. Nd4 Rc8 13. O-O Nxd4 14. Bxd4 Be6 15. Kh1 Nc4 16. Nxc4 Bxc4 17. Bxc4 Rxc4 18. Bxg7 Kxg7 19. Qd5 Qc7 20. f3 Rc8 21. Rfe1 Qb6 22. Re2 Qc6 23. Qd2 Qc7 24. g4 Qc5 25. Kg2 h6 26. h4 g5 27. hxg5 Qxg5 28. Rh1 Qxd2 29. Rxd2 Kg6 30. Kf2 Rh8 31. Rh5 Rhc8 32. Ke3 R4c5 33. Rh1 h5 34. Rdh2 hxg4 35. Rh7 gxf3 36. Kf4 1-0

[Event "57.C.to Provinciale RM ITA"]
[Site "Roma ITA"]
[Date "1997.10.26"]
[Round "5.16"]
[White "De Luca, Stefano"]
[Black "Papetti, Francesco"]
[Result "1/2-1/2"]
[WhiteElo "1400"]
[BlackElo "1780"]
[Annotator "Gabriele Ballarin"]
[PlyCount "61"]
[EventDate "1997.10.23"]
[EventType "swiss"]
[EventRounds "6"]
[EventCountry "ITA"]

1. f4 b6 2. Nf3 Bb7 3. e4 Bxe4 4. Nc3 Bb7 5. d4 Nf6 6. Bd3 e6 7. a3 c5 8. O-O cxd4 9. Nxd4 Bc5 10. Nce2 Nc6 11. c3 a5 12. Kh1 Nxd4 13. cxd4 Be7 14. Qe1 O-O 15. Nc3 a4 16. f5 Ra5 17. fxe6 fxe6 18. Bd2 Ba6 19. Bxa6 Rxa6 20. Ne4 Nxe4 21. Qxe4 Rxf1+ 22. Rxf1 Bf6 23. Qf3 Ra8 24. Bc3 Rc8 25. Qh5 Qc7 26. h4 Qc4 27. Qf3 d6 28. Rf2 Qc6 29. Qg4 Kf7 30. Qh5+ Kg8 31. Qg4 1/2-1/2

[Event "57.C.to Provinciale RM ITA"]
[Site "Roma ITA"]
[Date "1997.10.26"]
[Round "5.17"]
[White "Tersigni, Andrea"]
[Black "Fiore, Danilo"]
[Result "1-0"]
[WhiteElo "1777"]
[BlackElo "1600"]
[Annotator "Gabriele Ballarin"]
[PlyCount "75"]
[EventDate "1997.10.23"]
[EventType "swiss"]
[EventRounds "6"]
[EventCountry "ITA"]

1. f4 d5 2. Nf3 Nf6 3. e3 g6 4. d4 Bg7 5. Bd3 O-O 6. O-O Nbd7 7. Nbd2 c5 8. c3 b6 9. Ne5 Bb7 10. Ndf3 Ne4 11. Qe1 Nxe5 12. fxe5 f6 13. Qh4 Qc7 14. exf6 Rxf6 15. Bxe4 dxe4 16. Ng5 Rxf1+ 17. Kxf1 h5 18. Bd2 Bf6 19. g4 Rf8 20. Kg1 cxd4 21. gxh5 Qe5 22. exd4 Bxg5 23. Bxg5 Qf5 24. hxg6 Qxg6 25. Rf1 Rxf1+ 26. Kxf1 Ba6+ 27. Kg2 e3 28. Qg3 Bb7+ 29. Kh3 Bc8+ 30. Kh4 Qe4+ 31. Bf4+ Kf7 32. Qxe3 Qh7+ 33. Kg3 Qg6+ 34. Bg5 Be6 35. d5 Bc8 36. Qxe7+ Kg8 37. Qd8+ Kf7 38. Qc7+ 1-0

[Event "57.C.to Provinciale RM ITA"]
[Site "Roma ITA"]
[Date "1997.10.26"]
[Round "5.19"]
[White "Tripoli, Enrico"]
[Black "Barro, Carlo"]
[Result "1-0"]
[WhiteElo "1600"]
[BlackElo "1747"]
[Annotator "Gabriele Ballarin"]
[PlyCount "79"]
[EventDate "1997.10.23"]
[EventType "swiss"]
[EventRounds "6"]
[EventCountry "ITA"]

1. e4 d6 2. d4 Nf6 3. Nc3 g6 4. Bc4 Bg7 5. f3 c6 6. Bb3 b5 7. Be3 a5 8. a4 b4 9. Nce2 O-O 10. Qd2 Qc7 11. g4 c5 12. g5 Nfd7 13. Bd5 Nc6 14. h4 e6 15. Ba2 Nb6 16. h5 c4 17. hxg6 fxg6 18. Nf4 Rxf4 19. Bxf4 Bxd4 20. c3 bxc3 21. bxc3 e5 22. Be3 Bxe3 23. Qxe3 Nd8 24. Ne2 Ne6 25. f4 Nc5 26. Bb1 Nbxa4 27. f5 Nb2 28. fxg6 Nbd3+ 29. Bxd3 Nxd3+ 30. Kd2 hxg6 31. Rh6 Qg7 32. Qb6 Bg4 33. Qxd6 Re8 34. Rxg6 Re6 35. Rxg7+ Kxg7 36. Qc7+ Kg6 37. Rh1 Bh5 38. Ng3 Nf2 39. Rxh5 Nxe4+ 40. Nxe4 1-0

[Event "57.C.to Provinciale RM ITA"]
[Site "Roma ITA"]
[Date "1997.10.26"]
[Round "5.20"]
[White "D'Agostini, Rodolfo"]
[Black "De Carolis, Maurizio"]
[Result "0-1"]
[WhiteElo "1200"]
[BlackElo "1702"]
[Annotator "Gabriele Ballarin"]
[PlyCount "70"]
[EventDate "1997.10.23"]
[EventType "swiss"]
[EventRounds "6"]
[EventCountry "ITA"]

1. e4 d6 2. d4 Nf6 3. Bd3 e5 4. d5 Nbd7 5. Be3 c6 6. c4 Qa5+ 7. Nc3 Nc5 8. Bxc5 Qxc5 9. h3 Bd7 10. a3 cxd5 11. cxd5 Be7 12. Nf3 O-O 13. O-O Rac8 14. Rc1 Qb6 15. Qe2 a6 16. Rc2 Qa7 17. Rfc1 Qb8 18. Nd2 Bd8 19. Nc4 b5 20. Nd2 Bb6 21. b4 Rc7 22. Nf3 Rfc8 23. Nd1 g6 24. Ne3 Nh5 25. Qd1 Nf4 26. Bf1 Qa7 27. Rxc7 Rxc7 28. Rxc7 Qxc7 29. Qd2 Nh5 30. g4 Nf6 31. Ng2 Nxe4 32. Qe2 Bxf2+ 33. Kh2 Bg3+ 34. Kg1 Qb6+ 35. Ne3 Bf2+ 0-1

[Event "57.C.to Provinciale RM ITA"]
[Site "Roma ITA"]
[Date "1997.10.26"]
[Round "5.22"]
[White "Vona, Francesco"]
[Black "Palermo, Stefano"]
[Result "1/2-1/2"]
[WhiteElo "1200"]
[BlackElo "1200"]
[Annotator "Gabriele Ballarin"]
[PlyCount "50"]
[EventDate "1997.10.23"]
[EventType "swiss"]
[EventRounds "6"]
[EventCountry "ITA"]

1. d4 d5 2. c4 e6 3. Nc3 Nf6 4. Bg5 Nbd7 5. e3 Be7 6. Nf3 O-O 7. Rc1 c6 8. Bd3 dxc4 9. Bxc4 Nd5 10. Bxe7 Qxe7 11. O-O b6 12. a3 Bb7 13. Qc2 Nxc3 14. Qxc3 c5 15. Be2 Rac8 16. Qd2 Rfd8 17. Rfd1 h6 18. Qe1 cxd4 19. Nxd4 Ne5 20. f4 Nc6 21. Nxc6 Rxc6 22. Rxd8+ Qxd8 23. Rxc6 Bxc6 24. Qc3 Qa8 25. Bf1 Qb7 1/2-1/2

[Event "57.C.to Provinciale RM ITA"]
[Site "Roma ITA"]
[Date "1997.10.26"]
[Round "5.23"]
[White "Elia, Alessio"]
[Black "Clifford, Roby"]
[Result "1-0"]
[WhiteElo "1600"]
[BlackElo "1400"]
[Annotator "Gabriele Ballarin"]
[PlyCount "113"]
[EventDate "1997.10.23"]
[EventType "swiss"]
[EventRounds "6"]
[EventCountry "ITA"]

1. d4 Nf6 2. Nf3 g6 3. e3 Bg7 4. Bd3 O-O 5. b3 c5 6. Bb2 d5 7. h3 Bf5 8. Bxf5 gxf5 9. O-O Ne4 10. Nbd2 Nc6 11. c3 e6 12. Qc2 Rc8 13. Ba3 Qa5 14. Bb2 cxd4 15. exd4 a6 16. Qd3 Na7 17. c4 Rc7 18. cxd5 exd5 19. Rfc1 Rfc8 20. Rxc7 Rxc7 21. Nf1 f4 22. N1d2 Re7 23. a3 Qb5 24. Qxb5 Nxb5 25. Re1 Kf8 26. Nxe4 dxe4 27. Nd2 Bxd4 28. Bxd4 Nxd4 29. Rxe4 Rxe4 30. Nxe4 Nxb3 31. Kf1 Ke7 32. Ke2 b5 33. Kd3 f5 34. Ng5 h6 35. Nf3 Kd6 36. Kc3 Nc5 37. Nd4 Ke5 38. Nc6+ Kd6 39. Nd4 Ke5 40. Nf3+ Kd5 41. Nd2 Ne4+ 42. Nxe4 fxe4 43. g4 e3 44. fxe3 fxe3 45. Kd3 e2 46. Kxe2 Kc4 47. h4 a5 48. g5 hxg5 49. h5 b4 50. axb4 axb4 51. h6 b3 52. Kd2 Kb4 53. h7 Ka3 54. h8=Q Ka2 55. Kc1 Ka3 56. Qa1+ Kb4 57. Kb2 1-0

[Event "57.C.to Provinciale RM ITA"]
[Site "Roma ITA"]
[Date "1997.10.26"]
[Round "5.24"]
[White "Zarfati, Daniele"]
[Black "Pomponi, Claudio"]
[Result "1-0"]
[WhiteElo "1400"]
[BlackElo "1200"]
[Annotator "Gabriele Ballarin"]
[PlyCount "93"]
[EventDate "1997.10.23"]
[EventType "swiss"]
[EventRounds "6"]
[EventCountry "ITA"]

1. d4 Nf6 2. c4 g6 3. Nc3 Bg7 4. g3 d6 5. Bg2 O-O 6. Nf3 e6 7. O-O Nc6 8. a3 e5 9. d5 Ne7 10. b4 Bd7 11. e4 Ne8 12. Be3 f5 13. Qc2 fxe4 14. Nxe4 Bf5 15. Nfd2 Kh8 16. Rfd1 Ng8 17. f3 Ngf6 18. Bf1 Qd7 19. Bd3 Bxe4 20. Nxe4 Nxe4 21. Bxe4 Nf6 22. Rf1 Rf7 23. c5 Bf8 24. Qc4 Be7 25. c6 bxc6 26. dxc6 Qe8 27. Bd5 Nxd5 28. Qxd5 Qf8 29. Qa5 Rxf3 30. Qxc7 Rxf1+ 31. Rxf1 Qd8 32. Qxd8+ Bxd8 33. Rc1 Bc7 34. a4 d5 35. Bc5 e4 36. b5 Be5 37. Kg2 Kg8 38. Bxa7 Rxa7 39. b6 Rf7 40. c7 Bxc7 41. bxc7 Rf8 42. c8=Q Rxc8 43. Rxc8+ Kf7 44. Kf2 Ke6 45. Ke3 Kd7 46. Rh8 Kc6 47. Rxh7 1-0

[Event "57.C.to Provinciale RM ITA"]
[Site "Roma ITA"]
[Date "1997.10.26"]
[Round "5.25"]
[White "Quattrone, Luca"]
[Black "Calabrini, Alessandro"]
[Result "0-1"]
[WhiteElo "1200"]
[BlackElo "1400"]
[Annotator "Gabriele Ballarin"]
[PlyCount "102"]
[EventDate "1997.10.23"]
[EventType "swiss"]
[EventRounds "6"]
[EventCountry "ITA"]

1. d4 d5 2. Nf3 Bg4 3. Ne5 Bf5 4. c4 f6 5. Nf3 e6 6. e3 Bb4+ 7. Bd2 Bxd2+ 8. Qxd2 Ne7 9. Nc3 O-O 10. cxd5 exd5 11. Rc1 c6 12. Nh4 Be6 13. Bd3 Qd7 14. Qc2 f5 15. O-O Qe8 16. Nf3 Qh5 17. Ne5 Nd7 18. Nxd7 Bxd7 19. Rce1 Rf6 20. Ne2 Rh6 21. h3 Rf8 22. Nf4 Qg5 23. Kh2 Ng6 24. Nxg6 Rxg6 25. Rg1 h5 26. Qd1 Re6 27. g3 g6 28. f4 Qe7 29. Rg2 Rxe3 30. Rge2 Rxe2+ 31. Rxe2 Qf6 32. Qg1 Kg7 33. Rg2 Qd6 34. Kh1 Rh8 35. Re2 b5 36. Qe3 Re8 37. Qf2 Rxe2 38. Qxe2 a5 39. Bc2 Qe6 40. Qxe6 Bxe6 41. a3 Kf7 42. Kg1 Ke7 43. Kf2 Kd6 44. Kf3 c5 45. Ke3 b4 46. axb4 axb4 47. Bd1 c4 48. b3 Bc8 49. bxc4 dxc4 50. Ba4 Bd7 51. Bxd7 Kxd7 0-1

[Event "57.C.to Provinciale RM ITA"]
[Site "Roma ITA"]
[Date "1997.10.26"]
[Round "5.27"]
[White "Nuti, Raoul"]
[Black "Palmucci, Lorenzo"]
[Result "0-1"]
[WhiteElo "1200"]
[BlackElo "1400"]
[Annotator "Gabriele Ballarin"]
[PlyCount "56"]
[EventDate "1997.10.23"]
[EventType "swiss"]
[EventRounds "6"]
[EventCountry "ITA"]

1. d4 Nf6 2. c4 c5 3. d5 e6 4. Nc3 exd5 5. cxd5 d6 6. e4 g6 7. Bd3 Bg7 8. f4 O-O 9. Nf3 a6 10. O-O Re8 11. Qe1 b5 12. a3 Bb7 13. Nh4 Nxd5 14. Nxd5 Bxd5 15. f5 Bc6 16. fxg6 fxg6 17. Nf3 Nd7 18. a4 Ne5 19. Nxe5 Bxe5 20. axb5 axb5 21. Rxa8 Qxa8 22. b3 d5 23. Qe2 Qb8 24. g3 dxe4 25. Bb1 e3 26. Bb2 Bxg3 27. Rf6 Bf2+ 28. Kf1 Qxh2 0-1

[Event "57.C.to Provinciale RM ITA"]
[Site "Roma ITA"]
[Date "1997.10.26"]
[Round "5.28"]
[White "Celletti, Luca"]
[Black "Sargenti, Marco"]
[Result "1-0"]
[WhiteElo "1600"]
[BlackElo "1200"]
[Annotator "Gabriele Ballarin"]
[PlyCount "60"]
[EventDate "1997.10.23"]
[EventType "swiss"]
[EventRounds "6"]
[EventCountry "ITA"]

1. e4 e5 2. Nf3 Nc6 3. Bc4 Bc5 4. c3 d6 5. d4 Nf6 6. dxc5 Nxe4 7. Qd5 O-O 8. Qxe4 g6 9. O-O Bf5 10. Qe3 Qe7 11. Qh6 Qf6 12. Ng5 Qg7 13. Qxg7+ Kxg7 14. cxd6 cxd6 15. Na3 Nd8 16. Bd5 Rc8 17. c4 h6 18. Nf3 b6 19. Nb5 a6 20. Nxd6 Rc7 21. Nxf5+ gxf5 22. Nxe5 Re7 23. Nf3 Ne6 24. b3 Nc7 25. Ba3 Rfe8 26. Bxe7 Rxe7 27. Rad1 b5 28. Nh4 Kf6 29. Rfe1 bxc4 30. Rxe7 Kxe7 1-0

[Event "57.C.to Provinciale RM ITA"]
[Site "Roma ITA"]
[Date "1997.10.26"]
[Round "5.29"]
[White "Tamburrini, Andrea"]
[Black "D'Amico, Roberto"]
[Result "0-1"]
[WhiteElo "1200"]
[BlackElo "1400"]
[Annotator "Gabriele Ballarin"]
[PlyCount "46"]
[EventDate "1997.10.23"]
[EventType "swiss"]
[EventRounds "6"]
[EventCountry "ITA"]

1. d4 Nf6 2. c4 d5 3. Nc3 e6 4. Bg5 Be7 5. e3 O-O 6. Nf3 Nbd7 7. Be2 c5 8. O-O b6 9. Qc2 Bb7 10. Bd3 h6 11. Bf4 dxc4 12. Be4 Nxe4 13. Nxe4 f5 14. Ned2 Bd5 15. Ne5 Nxe5 16. Bxe5 Rc8 17. f4 Bd6 18. Nxc4 cxd4 19. Qa4 Rxc4 20. Qxa7 Bxe5 21. fxe5 Rc2 22. Rf2 Rxf2 23. Kxf2 Qh4+ 0-1

[Event "57.C.to Provinciale RM ITA"]
[Site "Roma ITA"]
[Date "1997.10.26"]
[Round "5.30"]
[White "Reibaldi, Michele"]
[Black "Trifoni, Giorgio"]
[Result "0-1"]
[WhiteElo "1400"]
[BlackElo "1200"]
[Annotator "Gabriele Ballarin"]
[PlyCount "68"]
[EventDate "1997.10.23"]
[EventType "swiss"]
[EventRounds "6"]
[EventCountry "ITA"]

1. g4 e5 2. Bg2 Bc5 3. h3 Qh4 4. e3 Nf6 5. Nf3 Qh6 6. Nxe5 O-O 7. d4 d6 8. e4 g5 9. dxc5 dxe5 10. Nc3 c6 11. Be3 Na6 12. Qd2 Be6 13. Bxg5 Qg6 14. Bxf6 Qxf6 15. Qe3 Nb4 16. Qe2 Rfd8 17. O-O Rd4 18. a3 Na6 19. b3 Rad8 20. Qe3 Nxc5 21. f4 b6 22. g5 exf4 23. Rxf4 Qxg5 24. h4 Qg6 25. Qf3 Rd2 26. h5 Qg5 27. Rf1 R8d7 28. Rf6 h6 29. b4 Bg4 30. Qf4 Ne6 31. Qxg5+ Nxg5 32. Rxc6 Rxc2 33. e5 Rdd2 34. Bd5 Nh3+ 0-1

[Event "57.C.to Provinciale RM ITA"]
[Site "Roma ITA"]
[Date "1997.10.26"]
[Round "5.31"]
[White "Franceschi, Riccardo"]
[Black "Procaccini, Luciano"]
[Result "1-0"]
[WhiteElo "1836"]
[BlackElo "1400"]
[Annotator "Gabriele Ballarin"]
[PlyCount "73"]
[EventDate "1997.10.23"]
[EventType "swiss"]
[EventRounds "6"]
[EventCountry "ITA"]

1. e4 e5 2. Nf3 Nc6 3. Bc4 Nd4 4. Bxf7+ Kxf7 5. Nxe5+ Ke7 6. d3 Qe8 7. O-O d6 8. Bg5+ Nf6 9. Bxf6+ gxf6 10. Nc4 Be6 11. Nc3 c6 12. Ne2 Qh5 13. Qd2 Rg8 14. Nxd4 Bh3 15. Nf5+ Bxf5 16. exf5 Qxf5 17. Rfe1+ Kd7 18. Qb4 Rb8 19. Qb3 Qf3 20. g3 f5 21. Re3 Qg4 22. f3 Qg5 23. Rae1 Rg6 24. f4 Qd8 25. Nd2 d5 26. Nf3 Bc5 27. d4 Bxd4 28. Nxd4 h5 29. Nxf5 Qf8 30. Re7+ Kd8 31. Qd3 Qf6 32. Re8+ Kc7 33. R1e7+ Kb6 34. Rxb8 h4 35. Rbxb7+ Kc5 36. Qa3+ Kc4 37. Qb4# 1-0

[Event "57.C.to Provinciale RM ITA"]
[Site "Roma ITA"]
[Date "1997.10.26"]
[Round "6.15"]
[White "Giangregorio, Pasquale"]
[Black "Tripoli, Enrico"]
[Result "1-0"]
[WhiteElo "1839"]
[BlackElo "1600"]
[Annotator "Gabriele Ballarin"]
[PlyCount "83"]
[EventDate "1997.10.23"]
[EventType "swiss"]
[EventRounds "6"]
[EventCountry "ITA"]

1. c4 Nf6 2. Nc3 e6 3. e4 d5 4. e5 d4 5. exf6 dxc3 6. fxg7 cxd2+ 7. Qxd2 Qxd2+ 8. Bxd2 Bxg7 9. O-O-O Nc6 10. f4 Bd7 11. Nf3 O-O-O 12. Bd3 h6 13. Kc2 Nd4+ 14. Nxd4 Bxd4 15. Be4 Bf6 16. Be3 Kb8 17. b3 Bc8 18. Rxd8 Rxd8 19. Rd1 Rxd1 20. Kxd1 h5 21. Ke2 b6 22. g3 Bb7 23. Bxb7 Kxb7 24. Kf3 c5 25. g4 hxg4+ 26. Kxg4 Kc7 27. h4 Kd7 28. Bf2 Ke7 29. f5 e5 30. Kf3 Bh8 31. Ke4 Kd6 32. h5 Kc6 33. Be3 Bg7 34. h6 Bh8 35. Bg5 f6 36. Be3 Kd6 37. Kf3 a6 38. Kg4 a5 39. Kh5 e4 40. Bf4+ Kc6 41. Kg6 b5 42. Kh7 1-0

[Event "57.C.to Provinciale RM ITA"]
[Site "Roma ITA"]
[Date "1997.10.26"]
[Round "6.16"]
[White "Papetti, Francesco"]
[Black "Zarfati, Daniele"]
[Result "1-0"]
[WhiteElo "1780"]
[BlackElo "1400"]
[Annotator "Gabriele Ballarin"]
[PlyCount "85"]
[EventDate "1997.10.23"]
[EventType "swiss"]
[EventRounds "6"]
[EventCountry "ITA"]

1. d4 Nf6 2. c4 e6 3. Nf3 b6 4. g3 Bb7 5. Bg2 Be7 6. O-O d5 7. Ne5 O-O 8. Nc3 Re8 9. Qa4 c6 10. Rd1 Qc7 11. Nf3 Nbd7 12. Bf4 Bd6 13. Bxd6 Qxd6 14. Rac1 Rec8 15. e3 dxc4 16. Qxc4 c5 17. dxc5 Qxc5 18. Qf4 Qe7 19. Nb5 Nd5 20. Qd6 N7f6 21. Ne5 Qxd6 22. Nxd6 Rxc1 23. Rxc1 Rb8 24. Nxb7 h6 25. Nd6 Rd8 26. Rc8 Rxc8 27. Nxc8 a5 28. Nd6 Nb4 29. a3 Nbd5 30. Nexf7 Nd7 31. Nd8 Nc7 32. Bh3 Nf8 33. Nc4 b5 34. Nxa5 Kh7 35. Nac6 Kg6 36. Nd4 e5 37. N4e6 Nfxe6 38. Nxe6 Nd5 39. Bg2 Nf6 40. Nc7 b4 41. axb4 Nd7 42. Nd5 Kf5 43. Bh3+ 1-0

[Event "57.C.to Provinciale RM ITA"]
[Site "Roma ITA"]
[Date "1997.10.26"]
[Round "6.17"]
[White "Palermo, Stefano"]
[Black "Scagliarini, Valentina"]
[Result "1/2-1/2"]
[WhiteElo "1200"]
[BlackElo "1642"]
[Annotator "Gabriele Ballarin"]
[PlyCount "64"]
[EventDate "1997.10.23"]
[EventType "swiss"]
[EventRounds "6"]
[EventCountry "ITA"]

1. f4 e6 2. Nf3 d5 3. e3 Nf6 4. d4 c5 5. c3 Nc6 6. Bd3 Be7 7. Nbd2 O-O 8. O-O b6 9. Ne5 Bb7 10. Ndf3 Nd7 11. b3 f5 12. Bb2 Rc8 13. Qd2 Qe8 14. Nxd7 Qxd7 15. Rac1 Qe8 16. Be2 Nb8 17. Ne5 Ba6 18. Bxa6 Nxa6 19. Ba3 Nb8 20. dxc5 Bxc5 21. Bxc5 Rxc5 22. c4 dxc4 23. Rxc4 Rxc4 24. Nxc4 Qd8 25. Rd1 Nc6 26. Qxd8 Rxd8 27. Rxd8+ Nxd8 28. Kf2 Nc6 29. Ke2 Kf7 30. a3 Ke7 31. Kd3 b5 32. Nd2 Kd6 1/2-1/2